000 00639nam a2200133Ia 4500
008 171212s9999 xx 000 0 und d
020 _a9780833078605
100 _aDobbins, James;Miller, Laurel E.;Pezard, Stephanie;Chivvis, Christopher S.;Taylor, Julie E.
245 _cDobbins, James;Miller, Laurel E.;Pezard, Stephanie;Chivvis, Christopher S.;Taylor, Julie E.
_aOvercoming Obstacles to Peace
_bLocal Factors in Nation-Building
260 _bRAND Corporation
_c2013
650 _aHistory
650 _aNation-building; Nation-building -- Case studies; Peace-building; Democratization
856 _uwww.jstor.org/stable/10.7249/j.ctt3fgzrv
999 _c352390
_d352390